2025-26 NFL PLAYER BY PICTURE - Statistics

General Stats
  • This quiz has been taken 330 times
  • The average score is 38 of 52
Answer Stats
Picture Answer % Correct
Puka Nacua
98%
Lamar Jackson
95%
Bo Nix
94%
Daniel Jones
94%
Jordan Love
93%
Matthew Stafford
93%
Saquon Barkley
93%
CeeDee Lamb
92%
George Pickens
92%
James Cook
92%
Myles Garrett
92%
DeVonta Smith
88%
Joe Burrow
87%
Jayden Daniels
86%
J.J. McCarthy
83%
Brock Bowers
82%
Jaxon Smith-Njigba
82%
Jaxson Dart
79%
Dak Prescott
77%
Joe Flacco
77%
T.J. Watt
77%
Aaron Rodgers
76%
Drake Maye
76%
Bijan Robinson
75%
Ja'Marr Chase
75%
Josh Allen
75%
Patrick Mahomes
75%
Caleb Williams
74%
Justin Jefferson
74%
Micah Parsons
74%
Jonathan Taylor
73%
Cam Ward
72%
Christian McCaffrey
72%
Shedeur Sanders
72%
Derrick Henry
71%
Jahmyr Gibbs
69%
Malik Nabers
69%
Ashton Jeanty
67%
Fred Warner
66%
Cam Skattebo
60%
Josh Jacobs
60%
Mac Jones
60%
Tyler Warren
57%
Jameson Williams
54%
Jeffery Simmons
51%
Javonte Williams
50%
Jaycee Horn
44%
Danielle Hunter
41%
Kyle Monangai
41%
Nahshon Wright
35%
Christian Benford
30%
Kevin Byard III
26%
No matching quizzes found
Score Distribution
Percent of People with Each Score
Percentile by Number Answered
Your Score History
You have not taken this quiz